[Event "Sant Adria de Besos op-B 5th"]
[Site "Sant Adria de Besos"]
[Date "2023.08.14"]
[Round "5"]
[White "Bieg Pagel, Clemens"]
[Black "Borja Casas, Jordi"]
[Result "1-0"]
[WhiteElo "1724"]
[BlackElo "1455"]
[PlyCount "43"]
[EventDate "2023.08.11"]
[EventType "swiss"]
[EventRounds "9"]
[EventCountry "ESP"]
[SourceTitle "EXT 2024"]
[Source "ChessBase"]
[SourceDate "2023.10.10"]
[SourceVersion "1"]
[SourceVersionDate "2023.10.10"]
[SourceQuality "1"]

1. e4 e6 2. Nf3 d5 3. Nc3 Bb4 4. exd5 exd5 5. a3 Ba5 6. d4 Bxc3+ 7. bxc3 h6 8. a4 a6 9. Ba3 Ne7 10. Bd3 0-0 11. 0-0 Re8 12. Ne5 Nbc6 13. f4 Nxe5 14. fxe5 Be6 15. Qh5 Qd7 16. Bc1 Rac8 17. Bxh6 gxh6 18. Qxh6 c5 19. Bh7+ Kh8 20. Bg6+ Kg8 21. Qh7+ Kf8 22. Rxf7+ 1-0

[Event "Sant Adria de Besos op-B 5th"]
[Site "Sant Adria de Besos"]
[Date "2023.08.11"]
[Round "1"]
[White "Borja Casas, Jordi"]
[Black "Carrey Abellan, Enric"]
[Result "0-1"]
[WhiteElo "1455"]
[BlackElo "1709"]
[PlyCount "70"]
[EventDate "2023.08.11"]
[EventType "swiss"]
[EventRounds "9"]
[EventCountry "ESP"]
[SourceTitle "EXT 2024"]
[Source "ChessBase"]
[SourceDate "2023.10.10"]
[SourceVersion "1"]
[SourceVersionDate "2023.10.10"]
[SourceQuality "1"]

1. e4 c5 2. Nf3 e6 3. Nc3 a6 4. Bc4 Qc7 5. 0-0 b5 6. Be2 Nc6 7. d4 cxd4 8. Nxd4 Nf6 9. Bg5 Be7 10. Qd3 0-0 11. Rad1 Bb7 12. Rfe1 Rac8 13. Bf3 Ne5 14. Qe2 d6 15. a3 Nc4 16. Rb1 Nxa3 17. bxa3 Qxc3 18. Qd3 Qxd3 19. cxd3 h6 20. Bd2 Nd7 21. Rbc1 Nc5 22. Be2 Bf6 23. Bc3 Rc7 24. Nf3 Nxd3 25. Bxd3 Bxc3 26. Re2 Rfc8 27. Rec2 Ba5 28. Rxc7 Rxc7 29. Rd1 Rc3 30. Bb1 Kf8 31. g3 Rxf3 32. Rxd6 Ke7 33. Rd1 Rxa3 34. e5 Ra1 35. Kf1 Be4 0-1

[Event "Barcelona Sant Marti op-B 17th"]
[Site "Barcelona"]
[Date "2015.07.15"]
[Round "3"]
[White "Romano Cases, Jordi"]
[Black "Borja Casas, Jordi"]
[Result "1-0"]
[WhiteElo "1700"]
[BlackElo "1764"]
[PlyCount "97"]
[EventDate "2015.07.13"]
[EventType "swiss"]
[EventRounds "9"]
[EventCountry "ESP"]
[SourceTitle "EXT 2016"]
[Source "ChessBase"]
[SourceDate "2015.10.08"]
[SourceVersion "1"]
[SourceVersionDate "2015.10.08"]
[SourceQuality "1"]

1. e4 e6 2. d4 d5 3. e5 c5 4. c3 cxd4 5. cxd4 Bb4+ 6. Bd2 Bxd2+ 7. Nxd2 Ne7 8. Bd3 0-0 9. Ne2 Nbc6 10. a3 Nf5 11. Nf3 Qb6 12. Bxf5 exf5 13. Qc2 Be6 14. Rd1 f6 15. Nf4 Nd8 16. 0-0 fxe5 17. dxe5 Rc8 18. Qd2 Rc4 19. Nxd5 Bxd5 20. Qxd5+ Qe6 21. Qxd8 Rg4 22. Qd5 Qxd5 23. Rxd5 Re4 24. h3 Re2 25. Rd2 Re4 26. Re1 Re8 27. Rde2 Rc4 28. e6 h6 29. Ne5 Re4 30. Rxe4 fxe4 31. Rxe4 Rxe6 32. f4 Rd6 33. Re2 Rf6 34. g3 g5 35. Re4 gxf4 36. Rxf4 Re6 37. Rg4+ Kh7 38. Re4 Kg7 39. Rg4+ Kf6 40. Nd7+ Kf5 41. Rf4+ Kg5 42. h4+ Kh5 43. Nf6+ Kg6 44. Ne4 Rb6 45. Rf2 Rb3 46. Kh2 a5 47. Nc5 Rb5 48. Nd3 Rd5 49. Nf4+ 1-0

[Event "Foment Martinenc op-C 17th"]
[Site "Barcelona"]
[Date "2015.06.06"]
[Round "7"]
[White "Borja Casas, Jordi"]
[Black "Climent Vidal, Pere"]
[Result "1-0"]
[WhiteElo "1786"]
[BlackElo "1818"]
[PlyCount "55"]
[EventDate "2015.04.25"]
[EventType "swiss"]
[EventRounds "9"]
[EventCountry "ESP"]
[SourceTitle "EXT 2017"]
[Source "ChessBase"]
[SourceDate "2016.10.25"]
[SourceVersion "1"]
[SourceVersionDate "2016.10.25"]
[SourceQuality "1"]

1. e4 e6 2. d4 d5 3. Nc3 Bb4 4. Bd2 Ne7 5. Bb5+ c6 6. Bd3 Qb6 7. Nf3 Nd7 8. 0-0 Qc7 9. Re1 Ng6 10. exd5 Bxc3 11. Bxc3 cxd5 12. Bxg6 hxg6 13. g3 Nf6 14. Ne5 Nd7 15. Qf3 Nf6 16. Rac1 Ne4 17. Bb4 Rh6 18. c4 Ng5 19. Qb3 Qd8 20. cxd5 f6 21. Nf3 Nxf3+ 22. Qxf3 Kf7 23. dxe6+ Bxe6 24. Qxb7+ Kg8 25. Rxe6 Rb8 26. Qe7 Qd5 27. Rc7 Rh7 28. Qe8+ 1-0